000 00663nam a2200229 a 4500
008
020 _a0619055596 (pbk.)
049 _aMAIN
090 _aZ253.532
_bEIS
100 1 _aEisch, Mary Alice.
245 1 0 _aMicrosoft Publisher 2002 basics /
_cMary Alice Eisch and Kathleen Krueger.
260 _aAustralia :
_bThomson,
_c2003.
300 _axi, 288 p. :
_bill. ;
_c28 cm.
500 _aIncludes index.
650 1 _aDesktop publishing.
700 _aKrueger, Kathleen.
907 _a.b10360542
_b03-09-15
_c02-09-15
003
005 20230123122147.0
040 _cNUST
942 _cBOOKS
_kZ253.532
_mEIS
999 _c128856
_d128856